000 00438nam a22001697a 4500
003 NUST - PNEC
005 20170116181018.0
008 150915b xxu||||| |||| 00| 0 eng d
020 _a0890064881
040 _cLIBRARY
082 _a621.3848 BAR
100 _910501
_aBarton, David Knox
245 _aRadar evaluation handbook
_cDavid Knox Barton
260 _cc.1991
650 _910504
_aRadar--Evaluation
_xMS COM
942 _2ddc
_cBK
999 _c67317
_d67317